01015nam a2200217 i 4500001001000000003000900010005001700019007000300036008004100039040003000080041000800110082001800118100006200136245006200198264004400260300004000304336002700344337003300371338002800404520036500432000045225DO-SdBNP20250916104001.0ta150212s1981 dr a 000 j spa d aDO-SdBNPbspacBNPHUerda aspa axxxbG4912221 aGimbernard Pellerano, Jacinto Carlos,d1931-eautor4aut.10aSiete historias de divorcio /cJacinto Carlos Gimbernard. 1aSanto Domingo :bEditora Taller,c1981. a192 paginas :bilustrados ;c23 cm. atextobtxt2rdacontent asin mediaciónbn2rdamedia avolumenbnc2rdacarrier aPor que he escrito una serie de historias de divorcio. Una de las respuestas podría estar metida dentro de la entusiasta cooperación que encontré en las personas a las cuales manifesté mi interés por estudiar el proceso de deterioro y desintegración del revoltijo amoroso-sexual-afectivo que una vez existió en la pareja que contrajo matrimonio.